000 01397cam a2200313 a 4500
001 16674004
005 20170105102852.0
008 110302s2012 enka b 001 0 eng
010 _a 2011007875
020 _a9780415558631 (hbk.)
020 _a9780203805121 (ebk.)
040 _aDLC
_cDLC
_dDLC
042 _apcc
043 _aaz-----
050 0 0 _aBL1138.26
_b.H43 2012
082 0 0 _a294.592
_222
100 1 _aHegarty, James.
245 1 0 _aReligion, narrative, and public imagination in South Asia :
_bpast and place in the Sanskrit Mahabharata /
_cJames Hegarty.
260 _aLondon ;
_aNew York :
_bRoutledge,
_c2012.
300 _axiii, 219 p. :
_bill. ;
_c24 cm.
490 0 _aRoutledge Hindu studies series
504 _aIncludes bibliographical references (p. [207]-216) and index.
505 0 _aRitual, text, and modernity in the Sanskrit mahabharata -- Constructing the significant past -- Constructing significant places -- The mahabharata in early South Asia -- Conclusions. Towards an old orientation to philology -- Epilogue. The construction of the significant past in the Hindi televisual mahabharat.
630 0 0 _aMahābhārata
_xCriticism, interpretation, etc.
651 0 _aSouth Asia.
906 _a7
_bcbc
_corignew
_d1
_eecip
_f20
_gy-gencatlg
942 _2ddc
_cBK
999 _c14313
_d14313